Mejoras introducidas en la Planta Hidroeléctrica de Tacares
Uloženo v:
| Hlavní autor: | |
|---|---|
| Médium: | Neznámo |
| Vydáno: |
[San José, Costa Rica]
1960
|
| Témata: | |
| Tagy: |
Přidat tag
Žádné tagy, Buďte první, kdo vytvoří štítek k tomuto záznamu!
|
MARC
| LEADER | 00000 a2200000 4500 | ||
|---|---|---|---|
| 003 | 011247 | ||
| 005 | 20221231143812.0 | ||
| 008 | 140114s1960 c a m 000 ||s d | ||
| 040 | |c cru CEDI | ||
| 090 | |a TFG 302 | ||
| 100 | |a Gordienko Orlich, Jorge |9 17723 | ||
| 245 | |a Mejoras introducidas en la Planta Hidroeléctrica de Tacares | ||
| 260 | |c 1960 |a [San José, Costa Rica] | ||
| 300 | |a [61] hojas : ilustraciones, láminas (color), cuadro (plegables, planos. (algunas plegables) ; 22 x 28 cm | ||
| 500 | |a A la cabeza de la portada Tesis de Revalidación de Grado. Universidad de Costa Rica | ||
| 650 | |x ELECTRIFICACION |x CENTRALES ELECTRICAS |9 17724 | ||
| 942 | |c TFG | ||
| 999 | |c 12196 |d 12196 | ||
